00495nam a2200145Ia 4500008004100000245007500041260003500116260000900151300000800160650001800168650001500186856005600201999001900257952007300276170221s9999 xx 000 0 und d aStruggling Readers’ “Noticings” to Make Meaning of Picture Books bThe Open Communication Journal c2015 a9 : xCommunication xMedia Arts uhttps://benthamopen.com/TOCOMMJ/VOLUME/9/ISSUE/001/ c307116d307116 001040aCLbCLd2017-02-21l0r2017-02-21 00:00:00w2017-02-21yFOJ